[Event "Knock out"]
[Site "SchemingMind.com"]
[Date "2007.02.06"]
[Round "-"]
[White "Jason Pomerantz"]
[Black "tacticrules"]
[Result "1-0"]
[WhiteCountry "USA"]
[BlackCountry "GER"]
[WhiteElo "1580"]
[WhiteRD "85"]
[BlackElo "1632"]
[BlackRD "53"]
[GameID "90660"]

1. e4 e6 2. d4 d5 3. e5 c5 4. Nf3 Nc6 5. Bb5 Ne7 6. O-O Qb6 7. Nc3 a6 8. Bd3 Ng6 9. dxc5 Bxc5 10. Na4 Qa7
11. Nxc5 Qxc5 12. Be3 Qe7 13. c3 Ngxe5 14. Nxe5 Nxe5 15. Qa4+ Bd7 16. Bb5 O-O 17. Bxd7 Qxd7 18. Qf4 Ng6 19. Qb4 b5 20. Rfd1 Rac8
21. Rd4 Rc4 22. Rxc4 dxc4 23. g3 Rd8 24. Bb6 Rb8 25. Qc5 Rc8 26. Qh5 Qd2 27. Rb1 Qd6 28. Be3 Ne5 29. Bf4 f6 30. Rd1 Qc5
31. Bxe5 fxe5 32. Rd7 Rf8 33. Qe2 Qc6 34. Rd2 Qc5 35. b4 Qc7 36. Qe4 h6 37. Qg6 Qf7 38. Qxf7+ Rxf7 39. Rd6 Ra7 40. Rxe6 Kf7
41. Rxe5 Re7 42. Rxe7+ Kxe7 43. Kf1 Ke6 44. Ke2 Ke5 45. Ke3 g5 46. g4 Kd5 47. f3 Ke5= 48. h3 Kd5 49. f4 Ke6 50. Ke4 gxf4
51. Kxf4 Kf6 52. h4 Kg6 53. h5+ Kf6 54. g5+ hxg5+ 55. Kg4 Kf7 56. Kxg5 Kg7 57. h6+ Kh7 58. a3 Kh8 59. Kg6 Kg8 60. h7+ Kh8
61. Kf6 Kxh7 62. Ke6
1-0

[Event "Knock out"]
[Site "SchemingMind.com"]
[Date "2007.02.07"]
[Round "-"]
[White "tacticrules"]
[Black "Jason Pomerantz"]
[Result "1-0"]
[WhiteCountry "GER"]
[BlackCountry "USA"]
[WhiteElo "1577"]
[WhiteRD "50"]
[BlackElo "1546"]
[BlackRD "89"]
[GameID "90667"]

1. e4 e5 2. Nf3 Nc6 3. Bb5 Nf6 4. O-O Bc5 5. d3 d6 6. Bxc6+ bxc6 7. c3 Ng4 8. h3 Nxf2 9. Rxf2 Bxf2+ 10. Kxf2 O-O
11. Nbd2 Rb8 12. Nf1 Qf6 13. Kg1 Rd8 14. Bg5 Qg6 15. Bxd8 Rxb2 16. Ne3 Bxh3 17. Ne1 Qg3 18. Qf3 Qxf3 19. Nxf3 Be6 20. Bxc7 d5
21. exd5 cxd5 22. Bxe5 f6 23. Bd4 g5 24. c4 Bg4 25. Bxb2
1-0

[Event "Knock out"]
[Site "SchemingMind.com"]
[Date "2007.02.09"]
[Round "-"]
[White "jtrochez1"]
[Black "banong"]
[Result "1-0"]
[WhiteCountry "HON"]
[BlackCountry "PHI"]
[WhiteElo "1559"]
[WhiteRD "45"]
[BlackElo "1374"]
[BlackRD "72"]
[GameID "91075"]

1. e4 e5 2. Nf3 Nc6 3. Nc3 Bb4 4. a3 Bd6 5. d4 exd4 6. Nxd4 Nf6 7. Nxc6 bxc6 8. Bc4 O-O 9. O-O Be5 10. Qf3 d6
11. h3 Bd7 12. Ne2 Nxe4 13. Qxe4 Re8 14. Qf3 Rb8 15. c3 d5 16. Ba2 f5 17. b4 Qf6 18. Bb2 Re7 19. Ng3 Rf8 20. Rac1 Kh8
21. Nh5 Qg6 22. Rc2 f4 23. Bb1 Bf5 24. Rcc1 Be4 25. Bxe4 dxe4 26. Qg4
1-0

[Event "Knock out"]
[Site "SchemingMind.com"]
[Date "2007.02.08"]
[Round "-"]
[White "banong"]
[Black "jtrochez1"]
[Result "0-1"]
[WhiteCountry "PHI"]
[BlackCountry "HON"]
[WhiteElo "1374"]
[WhiteRD "72"]
[BlackElo "1559"]
[BlackRD "45"]
[GameID "91095"]

1. e4 c5 2. Nf3 d6 3. Bc4 Bg4 4. O-O Nf6 5. h3 Bh5 6. d3 Nc6 7. Bg5 h6 8. Bh4 Nd4 9. Nbd2 e5 10. g4 Bg6
11. Nxd4 cxd4 12. Nf3 Be7 13. c3 dxc3 14. bxc3 O-O 15. Qd2 Nd7 16. Bxe7 Qxe7 17. Nh4 Qxh4 18. Kh2 Nf6 19. Rg1 Rad8 20. Rg3 d5
21. exd5 e4 22. d4 Nxd5 23. Bxd5 Rxd5 24. Qe3 f5 25. Rag1 f4
0-1

[Event "Knock out"]
[Site "SchemingMind.com"]
[Date "2007.02.12"]
[Round "-"]
[White "toguints"]
[Black "Bacon"]
[Result "1-0"]
[WhiteCountry "PHI"]
[BlackCountry "BER"]
[WhiteElo "1522"]
[WhiteRD "64"]
[BlackElo "1199"]
[BlackRD "124"]
[GameID "91826"]

1. d4 d5 2. Nd2 Nc6 3. e3 Nf6 4. Bb5 a6 5. Bxc6+ bxc6 6. Ngf3 Ng4 7. h3 Nf6 8. Ne5 Ne4 9. a3 f6 10. Qh5+ g6
11. Nxg6 Rg8 12. Ne5+ Rg6 13. Qxh7 Nd6 14. Qxg6+ Nf7 15. Qxf7#
1-0

[Event "Knock out"]
[Site "SchemingMind.com"]
[Date "2007.02.13"]
[Round "-"]
[White "Hexsaw"]
[Black "Games Freak"]
[Result "1-0"]
[WhiteCountry "ENG"]
[BlackCountry "AUS"]
[WhiteElo "1228"]
[WhiteRD "84"]
[BlackElo "1148"]
[BlackRD "73"]
[GameID "91827"]

1. d4 d5 2. Nf3 Nc6 3. Nc3 e5 4. e3 Bg4 5. h3 Bxf3 6. Qxf3 Qe7 7. Nxd5 Qd6 8. Bb5 a6 9. Ba4 b5 10. Bb3 f6
11. Bd2 g5 12. g4 h6 13. Ba5 Ra7 14. c3 Nge7 15. Nxf6+ Kd8 16. Bb4 Qxf6 17. Qxf6 Rg8 18. Bxg8 Ke8 19. Qe6 Nd8 20. Qxe5 c6
21. f4 gxf4 22. Rf1 fxe3 23. Qh5+ Kd7 24. Rxf8 a5 25. Qc5 axb4 26. Qxa7+ Kd6 27. Rxd8#
1-0

[Event "Knock out"]
[Site "SchemingMind.com"]
[Date "2007.02.12"]
[Round "-"]
[White "Dr_Pat"]
[Black "Sjakkie"]
[Result "1-0"]
[WhiteCountry "USA"]
[BlackCountry "NED"]
[WhiteElo "1519"]
[WhiteRD "49"]
[BlackElo "1350"]
[BlackRD "86"]
[GameID "91828"]

1. e4 e5 2. Nf3 d6 3. Nc3 h6 4. d4 Qe7 5. Nd5 Qd7 6. dxe5 Nc6 7. Bf4 Qf5 8. exf5 Kd8 9. Ne3 Bd7 10. exd6 cxd6
11. Bxd6 Bxd6 12. Qxd6 Nf6 13. O-O-O Ne4 14. Qxd7#
1-0

[Event "Knock out"]
[Site "SchemingMind.com"]
[Date "2007.02.12"]
[Round "-"]
[White "mtrx"]
[Black "ivan"]
[Result "0-1"]
[WhiteCountry "PHI"]
[BlackCountry "CRO"]
[WhiteElo "1491"]
[WhiteRD "70"]
[BlackElo "1606"]
[BlackRD "71"]
[GameID "91829"]

1. c4 e5 2. Nc3 Nf6 3. d3 Bb4 4. Bd2 Nc6 5. a3 Bc5 6. b4 Be7 7. Nf3 d5 8. cxd5 Nxd5 9. Nxd5 Qxd5 10. e4 Qd8
11. Be2 O-O 12. O-O Be6 13. Be3 Qd7 14. h3 a6 15. Nh2 Rad8 16. f4 Nd4 17. f5 Bb3 18. Qb1 Nxe2+
0-1

[Event "Knock out"]
[Site "SchemingMind.com"]
[Date "2007.02.12"]
[Round "-"]
[White "Bacon"]
[Black "toguints"]
[Result "0-1"]
[WhiteCountry "BER"]
[BlackCountry "PHI"]
[WhiteElo "1121"]
[WhiteRD "106"]
[BlackElo "1493"]
[BlackRD "66"]
[GameID "91836"]

1. e4 c5 2. d4 e6 3. e5 Nc6 4. c3 b5 5. Bxb5 Nge7 6. Nf3 Nf5 7. Bg5 f6 8. exf6 gxf6 9. Bf4 Bb7 10. O-O Qb6
11. Qa4 a6 12. Bxc6 Bxc6 13. Qb3 Qxb3 14. axb3 Bxf3 15. Nd2 Bd5 16. Nc4 Bxc4 17. bxc4 cxd4 18. Rac1 Rc8 19. Rfd1 Rxc4 20. cxd4 Rxd4
21. Rxd4 Nxd4 22. Ra1 Ne2+ 23. Kf1 Nxf4 24. g3 Nd3 25. Rxa6 Nxb2 26. f4 e5 27. Rxf6 exf4 28. Rxf4 Rg8 29. Re4+ Kd8 30. Kg2 Nd3
31. h4 d5 32. Rd4 Nb4 33. h5 Kc7 34. g4 Bc5 35. Rf4 d4 36. Rf7+ Kc6 37. Rxh7 Rxg4+ 38. Kh3 Nd5 39. Kxg4 Nf6+ 40. Kg5 Nxh7+
41. Kg6 Nf8+ 42. Kg7 d3 43. h6 d2 44. h7 Nxh7 45. Kxh7 d1=Q 46. Kg8 Qd7 47. Kh8 Bd4+ 48. Kg8 Qg7#
0-1

[Event "Knock out"]
[Site "SchemingMind.com"]
[Date "2007.02.12"]
[Round "-"]
[White "Games Freak"]
[Black "Hexsaw"]
[Result "1/2-1/2"]
[WhiteCountry "AUS"]
[BlackCountry "ENG"]
[WhiteElo "1148"]
[WhiteRD "73"]
[BlackElo "1228"]
[BlackRD "84"]
[GameID "91837"]

1. e3 d5 2. d4 Nf6 3. c3 Nc6 4. Nf3 e6 5. Qa4 Bd7 6. Bb5 Ne4 7. Nbd2 Nxd2 8. Bxd2 a6 9. Bxc6 b5 10. Qa5 Bxc6
11. Ne5 Be7 12. f4 f5 13. h4 h6 14. O-O-O Rf8 15. g3 Rf6 16. b4 Bd6 17. Nxc6 Qd7 18. Ne5 Bxe5 19. dxe5 Rg6 20. Rh3 Qc6
21. h5 Qc4 22. Kc2 Qe2 23. Qxc7 Qg2 24. Rhh1 Rxg3 25. Rde1 Rxe3 26. Rxe3 Qxh1 27. Qc6+ Ke7 28. Qxa8 Qxh5 29. Qa7+ Kf8 30. a3=
1/2-1/2

[Event "Knock out"]
[Site "SchemingMind.com"]
[Date "2007.02.12"]
[Round "-"]
[White "Sjakkie"]
[Black "Dr_Pat"]
[Result "0-1"]
[WhiteCountry "NED"]
[BlackCountry "USA"]
[WhiteElo "1364"]
[WhiteRD "84"]
[BlackElo "1559"]
[BlackRD "50"]
[GameID "91838"]

1. e4 e5 2. Nf3 Nc6 3. Bc4 Nf6 4. d3 d5 5. exd5 Nxd5 6. O-O Be7 7. Qe1 O-O 8. Nxe5 Nd4 9. Qd2 f6 10. Bxd5+ Qxd5
11. Re1 fxe5 12. Nc3 Qa5 13. f3 Rxf3 14. a3 Bh4 15. b4 Qb6 16. Nd5 Ne2+ 17. Kh1 Qf2 18. gxf3 Qxf3#
0-1

[Event "Knock out"]
[Site "SchemingMind.com"]
[Date "2007.02.12"]
[Round "-"]
[White "ivan"]
[Black "mtrx"]
[Result "1-0"]
[WhiteCountry "CRO"]
[BlackCountry "PHI"]
[WhiteElo "1606"]
[WhiteRD "71"]
[BlackElo "1491"]
[BlackRD "70"]
[GameID "91839"]

1. e4 e5 2. Nf3 d6 3. Bc4 Nf6 4. h3 h6 5. Nc3 a6 6. O-O Be7 7. d4 b5 8. Bb3 b4 9. Nd5 Nxd5 10. Bxd5 c6
11. Bb3 O-O 12. c3 exd4 13. cxd4 Bb7 14. Re1 Qc7 15. Bf4 g5 16. Bg3 Qd7 17. Qd2 d5 18. Rac1
1-0

[Event "Knock out"]
[Site "SchemingMind.com"]
[Date "2007.02.18"]
[Round "-"]
[White "mart_r3000"]
[Black "Philip"]
[Result "0-1"]
[WhiteCountry "ENG"]
[BlackCountry "INT"]
[WhiteElo "1335"]
[WhiteRD "54"]
[BlackElo "1510"]
[BlackRD "82"]
[GameID "92054"]

1. e4 e5 2. d4 exd4 3. Nf3 c5 4. Bc4 Nc6 5. c3 dxc3 6. Qd5 Qe7 7. Ng5 Ne5 8. Nxc3 Nxc4 9. Qxc4 Nf6 10. O-O h6
11. Nf3 d6 12. Bf4 Be6 13. Qb5+ Qd7 14. Qe2 O-O-O 15. e5 Nd5 16. Nb5 Nxf4 17. Qe3 Nd5 18. Qe2 a6 19. Na3 Nf4 20. Qe3 Nd5
21. Qb3 Nb4 22. Qc3 d5 23. Nd4 Kb8 24. Nxe6 Qxe6 25. Rfe1 d4 26. Qd2 Nd5 27. Qa5 Be7 28. Nc4 Ka7 29. a3 b6 30. Qd2 Bg5
31. Qd1 f6 32. g3 f5 33. Rb1 f4 34. b4 Nxb4 35. axb4 Qxc4 36. h4 fxg3 37. fxg3 Be3+ 38. Kg2 Qd5+ 39. Kh2 c4 40. b5 g5
41. h5 a5 42. Rf1 Qe6 43. g4 Qxe5+ 44. Kh3 Bf4 45. Qf3 Qe3 46. Kg2 Qxf3+ 47. Rxf3 d3 48. Kf2 Rhe8
0-1

[Event "Knock out"]
[Site "SchemingMind.com"]
[Date "2007.02.18"]
[Round "-"]
[White "Philip"]
[Black "mart_r3000"]
[Result "0-1"]
[WhiteCountry "INT"]
[BlackCountry "ENG"]
[WhiteElo "1510"]
[WhiteRD "82"]
[BlackElo "1335"]
[BlackRD "54"]
[GameID "92057"]

1. e4 e5 2. Nf3 Nc6 3. Bc4 h6 4. O-O Nf6 5. Nc3 Bc5 6. h3 O-O 7. a3 Ne7 8. Nxe5 d5 9. exd5 Qd6 10. d4 Nf5
11. Nb5 Qb6 12. dxc5 Qxc5 13. Nc3 Rd8 14. b4 Qd4 15. Nb5 Qxe5 16. Be3 Nxe3 17. fxe3 Qxe3+ 18. Kh1 Ne4 19. Rf3 Nf2+ 20. Kh2 Qe5+
21. Kg1 Nxd1 22. Rxd1 c6 23. Rxf7 Kxf7 24. dxc6+ Ke7 25. Rxd8 Kxd8 26. c7+ Ke7
0-1

[Event "Knock out"]
[Site "SchemingMind.com"]
[Date "2007.02.20"]
[Round "-"]
[White "nwhitelaw"]
[Black "nupshawjr"]
[Result "0-1"]
[WhiteCountry "GBR"]
[BlackCountry "USA"]
[WhiteElo "1339"]
[WhiteRD "62"]
[BlackElo "1376"]
[BlackRD "91"]
[GameID "92313"]

1. e3 e5 2. Bd3 Nf6 3. Nf3 e4 4. Bxe4 Nxe4 5. O-O Nc6 6. d3 Nf6 7. e4 Bc5 8. c4 O-O 9. e5 Ng4 10. Ng5 Ngxe5
11. Nf3 Nxf3+ 12. Qxf3 Nd4 13. Qg4 d5 14. Qg3 Ne2+ 15. Kh1 Nxg3+ 16. hxg3 Bg4 17. Nd2 dxc4 18. dxc4 Bb4 19. Ne4 Re8 20. f3 Bf5
21. Nf2 Bc5 22. Rd1 Qf6 23. a3 Bxf2
0-1

[Event "Knock out"]
[Site "SchemingMind.com"]
[Date "2007.02.20"]
[Round "-"]
[White "nupshawjr"]
[Black "nwhitelaw"]
[Result "1-0"]
[WhiteCountry "USA"]
[BlackCountry "GBR"]
[WhiteElo "1376"]
[WhiteRD "91"]
[BlackElo "1339"]
[BlackRD "62"]
[GameID "92319"]

1. e4 e5 2. f4 exf4 3. Nf3 Bc5 4. Bc4 b6 5. d4 Bb4+ 6. c3 Be7 7. Bxf4 g5 8. Bg3 Nf6 9. Nxg5 O-O 10. O-O d6
11. Qc2 Qd7 12. e5 b5 13. exf6
1-0

[Event "Knock out"]
[Site "SchemingMind.com"]
[Date "2007.03.02"]
[Round "-"]
[White "Dr_Pat"]
[Black "nupshawjr"]
[Result "1-0"]
[WhiteCountry "USA"]
[BlackCountry "USA"]
[WhiteElo "1559"]
[WhiteRD "50"]
[BlackElo "1387"]
[BlackRD "91"]
[GameID "94678"]

1. e4 d5 2. exd5 Nf6 3. Nf3 c6 4. dxc6 Nxc6 5. d4 e5 6. Nxe5 Nxe5 7. dxe5 Qxd1+ 8. Kxd1 Ng4 9. Bb5+ Bd7 10. Bxd7+ Kxd7
11. Re1 Nxf2+ 12. Ke2 Ng4 13. Kf3 h5 14. h3 Nh6 15. Nc3 Nf5 16. Bg5 Nd4+ 17. Ke4 Nxc2 18. Red1+ Ke6 19. Rac1 Nb4 20. Nb5 f5+
21. exf6 gxf6 22. Nc7+ Kf7 23. Nxa8 fxg5 24. Rc8 Nc6 25. Rd7+ Ne7 26. Rxb7 a5 27. Rc5 Bh6 28. Nb6 Re8 29. Nc8 Kg8 30. Nxe7+ Rxe7+
31. Rxe7 Bf8 32. Rc8
1-0

[Event "Knock out"]
[Site "SchemingMind.com"]
[Date "2007.03.02"]
[Round "-"]
[White "nupshawjr"]
[Black "Dr_Pat"]
[Result "0-1"]
[WhiteCountry "USA"]
[BlackCountry "USA"]
[WhiteElo "1387"]
[WhiteRD "91"]
[BlackElo "1559"]
[BlackRD "50"]
[GameID "94681"]

1. e4 e5 2. f4 exf4 3. Nf3 d5 4. e5 g5 5. d4 g4 6. Nfd2 Qh4+ 7. g3 fxg3 8. Bg2 gxh2+ 9. Kf1 Ne7 10. Qe2 Nf5
11. Qf2 Qxf2+ 12. Kxf2 g3+ 13. Ke2 Nxd4+ 14. Kd3 Nbc6 15. Bxd5 Bf5+ 16. Ne4 g2 17. Rxh2 g1=Q 18. Re2 Qd1+ 19. Rd2 Qf3+ 20. Kc4 b5#
0-1

[Event "Knock out"]
[Site "SchemingMind.com"]
[Date "2007.03.11"]
[Round "-"]
[White "Hexsaw"]
[Black "toguints"]
[Result "1-0"]
[WhiteCountry "ENG"]
[BlackCountry "PHI"]
[WhiteElo "1317"]
[WhiteRD "78"]
[BlackElo "1268"]
[BlackRD "57"]
[GameID "95837"]

1. d4 d5 2. Nc3 e6 3. e4 Bb4 4. Bd2 Nc6 5. Nf3 Nge7 6. Bb5 Bxc3 7. Bxc3 O-O 8. e5 a6 9. Bxc6 Nxc6 10. O-O a5
11. Qd3 b6 12. Qb5 Qd7 13. a3 Ba6 14. Qd3 Bxd3 15. cxd3 b5 16. b4 axb4 17. axb4 Rxa1 18. Bxa1 Nxb4 19. Ne1 Ra8 20. Bc3 Na2
21. Ba1 Nb4 22. g3
1-0

[Event "Knock out"]
[Site "SchemingMind.com"]
[Date "2007.03.11"]
[Round "-"]
[White "toguints"]
[Black "Hexsaw"]
[Result "0-1"]
[WhiteCountry "PHI"]
[BlackCountry "ENG"]
[WhiteElo "1268"]
[WhiteRD "57"]
[BlackElo "1317"]
[BlackRD "78"]
[GameID "95844"]

1. e4 c5 2. Nf3 Nf6 3. Nc3 d6 4. Be2 e5 5. d3 Be7 6. O-O Nc6 7. a3 O-O 8. Na2 Nd4 9. Nxd4 cxd4 10. b4 b5
11. c4 a6 12. f4 Bb7 13. Bf3 Rc8 14. cxb5 axb5 15. fxe5 dxe5 16. Bg5 h6 17. Bxf6 Bxf6 18. Bg4 Rc6 19. Nc1 Rc3 20. Ne2 Qc8
21. Bxc8 Rfxc8 22. Nxc3 Rxc3 23. Qg4 Rxd3
0-1

[Event "Knock out"]
[Site "SchemingMind.com"]
[Date "2007.05.06"]
[Round "-"]
[White "mart_r3000"]
[Black "jtrochez1"]
[Result "1-0"]
[WhiteCountry "ENG"]
[BlackCountry "HON"]
[WhiteElo "1338"]
[WhiteRD "52"]
[BlackElo "1559"]
[BlackRD "45"]
[GameID "103957"]

1. e4 c5 2. Nf3 d6 3. Nc3 e6 4. d4 cxd4 5. Nxd4 a6 6. Bd2 h6 7. Na4 Nd7 8. Bd3 Be7 9. Qg4 Bf8 10. O-O Ngf6
11. Qg3 Nc5 12. Nxc5 dxc5 13. Nf3 Bd7 14. Ne5 b5 15. Nxd7 Nxd7 16. c4 b4 17. Bc2 Nb6 18. Rad1 Qc8 19. Bf4 Qb7 20. Rd2 f6
21. Qg6+ Qf7 22. Qg3 g6 23. Bc7 Nxc4 24. Ba4+ Ke7 25. Rd7+ Ke8 26. Qd3 Be7 27. Rd8#
1-0

[Event "Knock out"]
[Site "SchemingMind.com"]
[Date "2007.05.06"]
[Round "-"]
[White "jtrochez1"]
[Black "mart_r3000"]
[Result "1/2-1/2"]
[WhiteCountry "HON"]
[BlackCountry "ENG"]
[WhiteElo "1559"]
[WhiteRD "45"]
[BlackElo "1338"]
[BlackRD "52"]
[GameID "103967"]

1. e4 e5 2. Nc3 Nf6 3. d3 Nc6 4. Nf3 Bb4 5. Bg5 d5 6. Bd2 d4 7. Nb1 O-O 8. c3 Bc5 9. c4 Nb4 10. Be2 Re8
11. a3 Nc6 12. b4 Be7 13. b5 Bd7 14. bxc6 Bxc6 15. Nxe5 Qd6 16. Nxc6 Qxc6 17. O-O b5 18. Bf3 Nd7 19. e5 Qg6 20. Bxa8 Rxa8
21. Bf4 Nc5 22. Qf3 Rf8 23. Rd1 Nb3 24. Ra2 bxc4 25. dxc4 Nc5 26. a4 Ne4 27. Rxd4 Nc5 28. Qd1 Ne6 29. Rd7 Bh4 30. Bg3 Bg5
31. Qc2 f5 32. Nc3 h5 33. Nd5 Re8 34. f4 h4 35. fxg5 Qxg5 36. Rxg7+ Kxg7 37. Ra3 Nd4 38. Qb1 hxg3 39. Rxg3 Ne2+ 40. Kf2 Nxg3
41. hxg3 Kg6 42. Nf4+ Kg7 43. e6 Kh7 44. Qb7 Re7 45. Qxa7 Rg7 46. Qe3 Kg8 47. a5 Qf6 48. Qa3 Qd4+ 49. Kf3 Qd1+ 50. Kf2 Qc2+
51. Kf3 Qe4+ 52. Kf2 Qxc4 53. a6 c6 54. a7 Qd4+ 55. Ke2 Rxa7 56. Qb3 Qe4+ 57. Kf2 Kg7 58. Qb8 Ra2+ 59. Kg1 Ra1+ 60. Kh2 Qe1
61. Qc7+ Kh6 62. g4 Qh4+ 63. Nh3 fxg4 64. Qf4+ Kh5 65. Qf7+ Kh6 66. Qf8+ Kh7 67. Qf7+ Kh6 68. Qf8+=
1/2-1/2

[Event "Knock out"]
[Site "SchemingMind.com"]
[Date "2007.05.16"]
[Round "-"]
[White "tacticrules"]
[Black "ivan"]
[Result "1/2-1/2"]
[WhiteCountry "GER"]
[BlackCountry "CRO"]
[WhiteElo "1632"]
[WhiteRD "50"]
[BlackElo "1681"]
[BlackRD "70"]
[GameID "105429"]

1. Nf3 d5 2. d4 Bg4 3. e3 f6 4. h3 Bh5 5. c4 e5 6. Qb3 Nc6 7. cxd5 Nb4 8. a3 Qxd5 9. Bc4 Qa5 10. Bd2 O-O-O
11. Bxb4 Bxb4+ 12. Qxb4 Qxb4+ 13. axb4 Bxf3 14. gxf3 exd4 15. exd4 Rxd4 16. Be2 Rxb4 17. Rxa7 Kb8 18. Ra2 Nh6 19. Nc3 Rd8 20. Rg1 g6
21. Ne4 Rb6 22. Bc4 Nf5 23. Ke2 Nd4+ 24. Ke3 Nc2+ 25. Ke2 Nd4+ 26. Ke3 Nc2+ 27. Ke2 Nd4+
1/2-1/2

[Event "Knock out"]
[Site "SchemingMind.com"]
[Date "2007.05.16"]
[Round "-"]
[White "ivan"]
[Black "tacticrules"]
[Result "1/2-1/2"]
[WhiteCountry "CRO"]
[BlackCountry "GER"]
[WhiteElo "1681"]
[WhiteRD "70"]
[BlackElo "1632"]
[BlackRD "50"]
[GameID "105433"]

1. e4 e6 2. d4 d5 3. Nc3 Nf6 4. e5 Nfd7 5. Nf3 c5 6. Bg5 Qb6 7. Na4 Qa5+ 8. Nc3 Nc6 9. a3 h6 10. Bd2 Qb6
11. Na4 Qd8 12. c3 a6 13. b4 cxd4 14. cxd4 Be7 15. Be2 O-O 16. O-O Nb6 17. Nc5 Bxc5 18. bxc5 Nd7 19. Bb4 Nxb4 20. axb4 f6
21. Qd3 fxe5 22. Nxe5 Nxe5 23. dxe5 Bd7 24. Qg3 Qc7 25. Bd3 Bb5 26. Rfe1 Bxd3= 27. Qxd3 Rac8 28. Qg6 Qf7 29. Qxf7+=
1/2-1/2

[Event "Knock out"]
[Site "SchemingMind.com"]
[Date "2007.08.11"]
[Round "-"]
[White "tacticrules"]
[Black "Dr_Pat"]
[Result "1-0"]
[WhiteCountry "GER"]
[BlackCountry "USA"]
[WhiteElo "1632"]
[WhiteRD "50"]
[BlackElo "1476"]
[BlackRD "57"]
[GameID "115953"]

1. Nf3 d5 2. d4 Nc6 3. c4 e6 4. Nc3 Nf6 5. Bg5 Be7 6. e3 O-O 7. Rc1 h6 8. Bh4 Bd7 9. Bd3 Nb4 10. Bb1 dxc4
11. a3 Nbd5 12. Nxd5 Nxd5 13. Bxe7 Qxe7 14. Rxc4 a6 15. O-O Bb5 16. Qc2 Bxc4 17. Qh7#
1-0

[Event "Knock out"]
[Site "SchemingMind.com"]
[Date "2007.08.11"]
[Round "-"]
[White "Dr_Pat"]
[Black "tacticrules"]
[Result "0-1"]
[WhiteCountry "USA"]
[BlackCountry "GER"]
[WhiteElo "1476"]
[WhiteRD "57"]
[BlackElo "1632"]
[BlackRD "50"]
[GameID "115958"]

1. d4 Nf6 2. c4 e6 3. Nc3 Bb4 4. e3 b6 5. Bd3 Bb7 6. Nf3 O-O 7. Bd2 c5 8. O-O d5 9. Ne5 dxc4 10. Bxc4 cxd4
11. exd4 Qxd4 12. Nb5 Qxd2 13. Qxd2 Bxd2 14. Nc7 Nc6 15. Nxa8 Nxe5
0-1

[Event "Knock out"]
[Site "SchemingMind.com"]
[Date "2007.08.20"]
[Round "-"]
[White "Hexsaw"]
[Black "tacticrules"]
[Result "0-1"]
[WhiteCountry "ENG"]
[BlackCountry "GER"]
[WhiteElo "1261"]
[WhiteRD "80"]
[BlackElo "1405"]
[BlackRD "54"]
[GameID "117197"]

1. d4 Nf6 2. Nf3 e6 3. Nc3 d5 4. e3 Be7 5. Bb5+ c6 6. Ba4 O-O 7. Ne5 Qa5 8. O-O Bb4 9. Bd2 Bxc3 10. Bxc3 Qxa4
11. b3 Qa6 12. a4 Nbd7 13. Re1 Nxe5 14. dxe5 Ne4 15. Bb4 c5 16. Ba3 Qc6 17. c4 dxc4 18. Rc1 cxb3 19. Qxb3 Qd5 20. Qxd5 exd5
21. f3 Ng5 22. Bxc5 Re8 23. f4 Ne6 24. g3 Nxc5 25. Rxc5 Be6 26. Rb1 b6 27. Rc6 Rec8 28. Rd6 Rc4 29. Ra1 Rac8 30. Kg2 Rc2+
31. Kf3 Kf8 32. g4 g6 33. h4 Ke7 34. g5 Rd8 35. Rxe6+ fxe6 36. e4 dxe4+ 37. Kxe4 Rc4+ 38. Ke3 Rdd4 39. Kf3 Rxf4+ 40. Ke3 Rxa4
41. Rxa4 Rxa4 42. Kd3 Rxh4
0-1

[Event "Knock out"]
[Site "SchemingMind.com"]
[Date "2007.08.20"]
[Round "-"]
[White "tacticrules"]
[Black "Hexsaw"]
[Result "1-0"]
[WhiteCountry "GER"]
[BlackCountry "ENG"]
[WhiteElo "1454"]
[WhiteRD "49"]
[BlackElo "1249"]
[BlackRD "81"]
[GameID "117199"]

1. e4 c5 2. Nf3 Nf6 3. e5 Nd5 4. d4 Nc6 5. Bb5 a6 6. Bxc6 dxc6 7. dxc5 Bg4 8. O-O e6 9. h3 Bh5 10. c4 Bxc5
11. cxd5 exd5 12. Nbd2 f6 13. exf6 gxf6 14. Re1+ Kf7 15. Ne5+ fxe5 16. Qxh5+ Kf6 17. Qxe5+ Kg6 18. Qg3+ Kf6 19. Nb3 Bd6 20. Bg5+ Kf7
21. Qf3+ Kg8 22. Bxd8 Rxd8 23. Nd4 Rf8 24. Qg4+ Kf7 25. Qf5+ Kg7 26. Ne6+
1-0